| 000 | 00000nam 2200000zi 4500 |
| 001 | 9.945414 |
| 003 | CaOODSP |
| 005 | 20250219165353 |
| 006 | m o d f |
| 007 | cr bn||||||||| |
| 008 | 241121e198212##oncd obt f000 0 eng d |
| 040 | |aCaOODSP|beng|erda|cCaOODSP |
| 043 | |an-cn-qu |
| 086 | 1 |aEn13-6/82-27E-PDF |
| 100 | 1 |aMarsalek, J., |eauthor. |
| 245 | 10|aEnvironmental impact of the proposed extension of the Quebec City Port : |bsimulation of pollutant loads in urban runoff / |cauthors: J. Marsalek and H.Y.F. Ng. |
| 264 | 1|a[Burlington, Ont.] : |bHydraulics Division, [National Water Research Institute], |cDecember 1982. |
| 300 | |a1 online resource (i, 18 pages, 4 unnumbered pages) : |bgraphs. |
| 336 | |atext|btxt|2rdacontent |
| 337 | |acomputer|bc|2rdamedia |
| 338 | |aonline resource|bcr|2rdacarrier |
| 490 | 1 |aTechnical note ; |vreport no. 82-27 |
| 500 | |aCover title. |
| 500 | |a"Correspondence file no: 5188." |
| 500 | |a"Reason for report: To respond to request from Quebec Region to assist in the assessment of an environmental impact statement." |
| 500 | |aDigitized edition from print [produced by Environment and Climate Change Canada]. |
| 504 | |aIncludes bibliographical references (page 18). |
| 520 | |a"One of the environmental aspects of the proposed extension of the Quebec City Port is the reduction of the flushing of the water body and muds between the proposed extension and the existing north shoreline. This newly confined water body, which extends over the ecologically sensitive mudflats, will be receiving the flow conveyed by the Beauport River as well as the surface runoff from adjacent areas"--Page 2. |
| 650 | 0|aHarbors|zQuébec (Province)|zQuébec|xDesign and construction. |
| 650 | 0|aRunoff|xEnvironmental aspects|zQuébec (Province)|zQuébec. |
| 650 | 0|aEnvironmental impact analysis|zQuébec (Province)|zQuébec. |
| 650 | 6|aPorts|zQuébec (Province)|zQuébec|xConception et construction. |
| 650 | 6|aEaux de surface|xAspect de l'environnement|zQuébec (Province)|zQuébec. |
| 650 | 6|aEnvironnement|xÉtudes d'impact|zQuébec (Province)|zQuébec. |
| 710 | 2 |aNational Water Research Institute (Canada). |bHydraulics Division, |eissuing body. |
| 830 | #0|aTechnical note (National Water Research Institute (Canada). Hydraulics Division)|vno. 82-27.|w(CaOODSP)9.855127 |
| 856 | 40|qPDF|s1.12 MB|uhttps://publications.gc.ca/collections/collection_2024/eccc/en13-6/En13-6-82-27-eng.pdf |